Elements of inquiry: Research and methods for a quality dissertation (Record no. 1225361)

MARC details
000 -LEADER
fixed length control field 00699nam a2200229Ia 4500
005 - DATE AND TIME OF LATEST TRANSACTION
control field 20241129104321.0
008 - FIXED-LENGTH DATA ELEMENTS--GENERAL INFORMATION
fixed length control field 241129s9999||||xx |||||||||||||| ||und||
020 ## - INTERNATIONAL STANDARD BOOK NUMBER
International Standard Book Number 9780815362883
037 ## - SOURCE OF ACQUISITION
Stock number Textual
040 ## - CATALOGING SOURCE
Original cataloging agency RTL
Language of cataloging eng
Transcribing agency RTL
041 ## - LANGUAGE CODE
Language code of text/sound track or separate title eng
Source of code eng
084 ## - COLON CLASSIFICATION NUMBER
Classification number Sigmab4 Q8
Assigning agency RTL
100 ## - MAIN ENTRY--PERSONAL NAME
Personal name Burke Peter J.; Soffa Sara Jimenez
9 (RLIN) 725720
245 #0 - TITLE STATEMENT
Title Elements of inquiry: Research and methods for a quality dissertation
Statement of responsibility, etc. Burke Peter J.; Soffa Sara Jimenez
250 ## - EDITION STATEMENT
Edition statement 2nd
260 ## - PUBLICATION, DISTRIBUTION, ETC.
Place of publication, distribution, etc. London
Name of publisher, distributor, etc. Routledge
Date of publication, distribution, etc. 2018
300 ## - PHYSICAL DESCRIPTION
Extent xxi,325p.
365 ## - TRADE PRICE
Price type code INR
Price amount 2771
650 ## - SUBJECT ADDED ENTRY--TOPICAL TERM
Topical term or geographic name entry element Research Methodology
9 (RLIN) 237789
942 ## - ADDED ENTRY ELEMENTS (KOHA)
Koha item type Textbook
Classification part Sigmab4 Q8
Holdings
Withdrawn status Lost status Damaged status Not for loan Home library Current library Date acquired Source of acquisition Cost, normal purchase price Inventory number Total Checkouts Full call number Barcode Date last seen Price effective from Koha item type
        Ratan Tata Library Ratan Tata Library 2024-11-29 Delta Book Distributor 2771.00 187 & 02/2/23   Sigmab4 Q8 RT1584826 2024-11-29 2024-11-29 Textbook
Copyright @ Delhi University Library System